000 00886cab a22001935a 4500
001 L147163
008 090407e20090220xxk0 f 000 0 eng d
035 _a(Sirsi) u147163
041 0 _aeng
100 1 _aNguyen, Anh
245 0 0 _aPortal power
260 _c2009
490 _aNegotiator
_v24(2) 20 February 2009, 14-17(3)
520 _aExplains a range of marketing strategies estate agents can use to promote properties through planning portals. Stresses the importance of stock selection, the currency of listings and using high quality photograph images. Notes that planning portals offer premium services to promote properties. Lists selection of property portals available. Concludes that good marketing is crucial.
590 _aKA
651 4 _aUnited Kingdom
_y
690 _aPROPERTY-RESIDENTIAL PROPERTY-ACQUISITION AND DISPOSAL OF RESIDENTIAL PROPERTY
942 _n0
999 _c81414
_d81414